000 00616nam a2200217 4500
001 137798
003 ES-MaACL
005 20230906195437.0
007 t|
008 070214s1986 sp r ||||1| spa d
100 1 _aSalinger, J. D.
_9101958
245 1 0 _aNueve cuentos /
_cJ. D. Salinger ; traducción de Elena Rius.
250 _a1ª ed.
260 _aBarcelona :
_bEdhasa,
_c1986.
300 _a226 p. ;
_c20 cm.
490 1 _aNarrativas contemporáneas
700 1 _aRius, Elena.
_997512
830 0 _aNarrativas contemporáneas
_9181387
852 _aES-MaACL
_jL-9971
_bR.112070
999 _c137798
_d137798